000 01028nam a2200301 i 4500
003 EG-GICUC
005 20260228093636.0
008 260228s1941 -usabk fr|||| 001 0 eng d
040 _aEG-GiCUC
_beng
_cEG-GiCUC
_dEG-GiCUC
_erda
041 0 _aeng
082 0 4 _221
_a341.71
_bSC . I
092 0 4 _221
099 _aLaw1 11 341.71 SC . I 3 ed - 1941
100 1 _aSchuman, Frederick L
_eAuthor.
245 1 0 _aInternational Politics :
_bThe Western State System In Transition /
_cBy Frederick L. Schuman.
250 _aThird Edition Third Impression.
264 1 _aNew York :
_bMcgraw-hill Book Company,
_c1966.
300 _a733 pages :
_billustrations,
_c24 cm
336 _2rda content
_atext
337 _2rda media
_aComputer
338 _2rda carrier
_aOnline Resource
504 _aIncludes bibliographical references and index.
546 _aText in English
650 1 4 _aPublic international law
856 4 0 _uhttps://fll.law.cu.edu.eg/fulltext/bks/B11-08212.pdf
905 _a48
942 _2ddc
_cBK
_e21
_n0
999 _c64350
_d64350